| 000 | 00478nam a2200181Ia 4500 | ||
|---|---|---|---|
| 008 | 240925s9999 xx 000 0 und d | ||
| 020 | _a8121929032 | ||
| 082 | _a155.25 ONK | ||
| 100 | _aOnkar, R.M. | ||
| 245 | 0 | _aPersonality Development and Career Management | |
| 250 | _a1st | ||
| 260 |
_aNew Delhi: _bS Chand + co _c,2008. |
||
| 300 |
_a336p. _b0 _fOriginal |
||
| 500 | _aIncludes Index | ||
| 600 | _aHumanities & Natural Science | ||
| 650 | _aPsychology | ||
| 942 | _cBK | ||
| 999 |
_c15264 _d15264 |
||